Holčičiny : zatočte s nudou! /

Další autoři: Staníčková, Olga
Jazyk: Čeština
Vydáno: Praha : Fragment, 2014
Vydání: 1. vyd.
Témata:
Fyzický popis: 144 s. : il. ; 26 cm
Knihy
Uloženo v:
LEADER 01556nam a2200469 a 4500
001 nkc20132445293
003 CZ PrNK
005 20140410131202.0
007 ta
008 130305s2014 xr a c 000 0 cze
015 |a cnb002445293 
020 |a 978-80-253-1484-5  |q (brož.) 
035 |a (OCoLC)876339956 
040 |a OLA001  |b cze  |d ABA001 
041 1 |a cze  |h eng 
072 7 |a 821-93  |x Literatura pro děti a mládež (beletrie)  |2 Konspekt  |9 26 
080 |a 821-93  |2 MRF 
080 |a 316.346.2-055.25  |2 MRF 
080 |a (084.053.2)  |2 MRF 
080 |a (0:82-32)  |2 MRF 
080 |a (079.1)  |2 MRF 
245 0 0 |a Holčičiny :  |b zatočte s nudou! /  |c [z anglického originálu ... přeložila Olga Staníčková] 
246 1 |i Název na rubu tit. s.:  |a Holčičiny - zatočte s nudou! 
250 |a 1. vyd. 
260 |a Praha :  |b Fragment,  |c 2014 
300 |a 144 s. :  |b il. ;  |c 26 cm 
521 8 |a Pro čtenářky od 9 let 
650 0 7 |a dívky  |7 ph119743  |2 czenas 
650 0 9 |a girls  |2 eczenas 
655 7 |a publikace pro děti  |7 fd133156  |2 czenas 
655 7 |a omalovánky  |7 fd182999  |2 czenas 
655 7 |a testy  |7 fd133697  |2 czenas 
655 9 |a children's literature  |2 eczenas 
655 9 |a colouring books  |2 eczenas 
655 9 |a tests  |2 eczenas 
700 1 |a Staníčková, Olga  |7 xx0031599  |4 trl 
765 0 |t Girls' activity book  |9 Česky 
910 2 |a BOA001  |b 3-1322.294 
990 |a BK 
995 |a 01 
991 |b 201404  |c NOV  |e dn 
996 6 |b 2610582132  |c 3-1322.294  |l MZK  |r Sklad / do 1 hodiny  |n 0  |p p.v.  |w 001402896  |u 000010  |a 1  |e BOA001  |j MZK50  |s P